Bioregional Assessments Science at the Crossroads of Management and Policy

محفوظ في:
التفاصيل البيبلوغرافية
المؤلف الرئيسي: Franklin, Jerry F.
التنسيق: كتاب
اللغة:English
منشور في: 1999
الموضوعات:
الوسوم: إضافة وسم
لا توجد وسوم, كن أول من يضع وسما على هذه التسجيلة!
Thư viện lưu trữ: Mạng thư viện Đại học Đà Nẵng
LEADER 00907nam a22002531a 4500
001 000034975
003 11228
005 20151027134520.0
008 151027s1999 000 eng
041 |a eng 
082 |a 420.58216  |b FR-J 
100 |a Franklin, Jerry F. 
245 |a Bioregional Assessments Science at the Crossroads of Management and Policy  |c Jerry F.Franklin 
260 |c 1999 
300 |a 396p. : ill ; 25cm 
650 |a Jerry F.Franklin, Bioregional, Assessments, 1999, Science 
OWN |a LNN 
AVA |a UDN50  |b LNN  |d 420.58216 FR-J  |e available  |t Error 5001 Not defined in file expand_doc_bib_avail.  |f 1  |g 0  |h N  |i 0  |k 1 
999 |a From the UDN01 
AVA |a UDN50  |b LNN  |d 420.58216 FR-J  |e available  |t Error 5001 Not defined in file expand_doc_bib_avail.  |f 1  |g 0  |h N  |i 0  |k 1 
TYP |a Monograph 
980 |a Mạng thư viện Đại học Đà Nẵng